000 00517nam a2200193 a 4500
001 1770284920404
003 YourLibrary
005 20260205152337.0
008 260205s2002##################000#0#eng##
020 _a9781403901682
082 0 4 _a330.157
_bARE
100 1 _aArena, Richard,
_eauthor.
245 1 0 _aThe Economics of Alfred Marshall :
260 _bPalgrave Macmillan,
_c2002.
300 _a281 pages
650 0 _aBusiness & Economics.
942 _cENGLISH
040 _aYourLibrary
_beng
_cYourLibrary
999 _c610370
_d610370